[Event "Hastings Masters 2011-12"]
[Site "Hastings ENG"]
[Date "2012.01.04"]
[Round "8.34"]
[White "Repplinger, Marc"]
[Black "Bharathi, R."]
[Result "1-0"]
[WhiteElo "2241"]
[BlackElo "2094"]
[PlyCount "71"]
[EventDate "2011.12.28"]

1. d4 d5 2. Nf3 Nf6 3. c4 c6 4. e3 Bf5 5. Nc3 e6 6. Nh4 Bg6 7. Be2 Nbd7 8. O-O
Ne4 9. g3 Ndf6 10. f3 Nxc3 11. bxc3 Be7 12. Qb3 b6 13. cxd5 exd5 14. c4 O-O 15.
Nxg6 hxg6 16. cxd5 cxd5 17. Ba6 Qd7 18. Rf2 Ne8 19. Bb2 Nc7 20. Bf1 Bf6 21. Rc1
Rfe8 22. e4 dxe4 23. fxe4 Rad8 24. Bg2 Qb5 25. Rcf1 Qxb3 26. axb3 Bxd4 27. Bxd4
Rxd4 28. Rxf7 Nb5 29. Rb7 Rf8 30. e5 Rxf1+ 31. Bxf1 Nc3 32. Rxa7 Re4 33. Rc7
Ne2+ 34. Kf2 Nd4 35. Rc4 b5 36. Rb4 1-0

[Event "Hastings Masters 2011-12"]
[Site "Hastings ENG"]
[Date "2012.01.04"]
[Round "8.35"]
[White "Duff, Rufus"]
[Black "Olsarova, Tereza"]
[Result "1-0"]
[WhiteElo "2088"]
[BlackElo "2232"]
[PlyCount "61"]
[EventDate "2011.12.28"]

1. e4 e5 2. Nf3 Nc6 3. Bb5 a6 4. Ba4 Nf6 5. O-O Nxe4 6. d4 b5 7. Bb3 d5 8. dxe5
Be6 9. Nbd2 Nc5 10. c3 d4 11. Bxe6 Nxe6 12. cxd4 Ncxd4 13. a4 Rc8 14. Ne4 Be7
15. axb5 axb5 16. Be3 c5 17. Bxd4 cxd4 18. Ra6 O-O 19. Nd6 Bxd6 20. Rxd6 Qe7
21. Nxd4 Nxd4 22. Qxd4 Rfe8 23. Re1 h6 24. h3 Rc2 25. Re3 Rc1+ 26. Kh2 Rc4 27.
Qd5 Rc2 28. e6 Rf8 29. Rd7 fxe6 30. Rxe6 Qc5 31. Ree7+ 1-0

[Event "Hastings Masters 2011-12"]
[Site "Hastings ENG"]
[Date "2012.01.04"]
[Round "8.36"]
[White "Drogou, Gerard"]
[Black "Ledger, Dave J"]
[Result "0-1"]
[WhiteElo "2063"]
[BlackElo "2228"]
[PlyCount "60"]
[EventDate "2011.12.28"]

1. d4 Nf6 2. Nf3 g6 3. c4 Bg7 4. Nc3 O-O 5. e3 d6 6. Be2 Nbd7 7. O-O e5 8. b4
Re8 9. a4 a5 10. b5 b6 11. Ba3 Bb7 12. Rc1 exd4 13. exd4 Ne4 14. Nxe4 Rxe4 15.
c5 dxc5 16. dxc5 Nxc5 17. Bxc5 bxc5 18. Rxc5 Qe7 19. Rc2 Rd8 20. Bd3 Re6 21.
Re1 Rxd3 22. Qxd3 Rxe1+ 23. Nxe1 Qxe1+ 24. Qf1 Qxf1+ 25. Kxf1 Be5 26. Re2 Bd6
27. Re8+ Kg7 28. Rb8 Bd5 29. Rd8 Bc4+ 30. Ke1 Bb3 0-1

[Event "Hastings Masters 2011-12"]
[Site "Hastings ENG"]
[Date "2012.01.04"]
[Round "8.37"]
[White "Armstrong, Malcolm J"]
[Black "Sugden, John N"]
[Result "1/2-1/2"]
[WhiteElo "2016"]
[BlackElo "2180"]
[PlyCount "39"]
[EventDate "2011.12.28"]

1. d4 Nf6 2. Nf3 c5 3. d5 d6 4. Nc3 g6 5. e4 Bg7 6. Be2 Na6 7. O-O Nc7 8. h3
O-O 9. Be3 Bd7 10. a4 a6 11. e5 Nfe8 12. a5 Nb5 13. Na4 Qxa5 14. Nxc5 Qc7 15.
Nxd7 Qxd7 16. c4 Nbc7 17. Bd4 e6 18. exd6 Qxd6 19. Bxg7 Nxg7 20. dxe6 1/2-1/2

[Event "Hastings Masters 2011-12"]
[Site "Hastings ENG"]
[Date "2012.01.04"]
[Round "8.38"]
[White "Franklin, Samuel G A"]
[Black "Haria, Ravi"]
[Result "1/2-1/2"]
[WhiteElo "2179"]
[BlackElo "2045"]
[PlyCount "54"]
[EventDate "2011.12.28"]

1. e4 c5 2. Nf3 d6 3. d4 cxd4 4. Nxd4 Nf6 5. Nc3 Nc6 6. Bg5 e6 7. Qd2 Be7 8.
O-O-O O-O 9. f4 h6 10. Bh4 e5 11. Nf5 Bxf5 12. exf5 exf4 13. Kb1 d5 14. Bxf6
Bxf6 15. Nxd5 Be5 16. Bc4 b5 17. Bb3 a5 18. a3 a4 19. Ba2 b4 20. Nxb4 Qb6 21.
c3 Nxb4 22. cxb4 Qf6 23. Bd5 Rad8 24. Rhe1 Qxf5+ 25. Qc2 Qf6 26. b5 Rd6 27. h3
Rfd8 1/2-1/2

[Event "Hastings Masters 2011-12"]
[Site "Hastings ENG"]
[Date "2012.01.04"]
[Round "8.39"]
[White "Olson, Hamish"]
[Black "Hagesaether, Arne"]
[Result "1/2-1/2"]
[WhiteElo "1965"]
[BlackElo "2152"]
[PlyCount "56"]
[EventDate "2011.12.28"]

1. g3 d5 2. Bg2 Nf6 3. d3 c6 4. Nd2 Nbd7 5. e4 Qc7 6. Ne2 e5 7. O-O Be7 8. Nc3
dxe4 9. Ndxe4 O-O 10. f4 exf4 11. gxf4 b5 12. Be3 Bb7 13. Qf3 b4 14. Nxf6+ Nxf6
15. Ne4 Rfe8 16. Bf2 Qa5 17. Nd2 Nd5 18. Nc4 Qd8 19. a4 a5 20. Rae1 Qc7 21. Bd4
f6 22. b3 Bf8 23. f5 c5 24. Bf2 Nf4 25. Qxb7 Nh3+ 26. Kh1 Nxf2+ 27. Kg1 Nh3+
28. Kh1 Nf2+ 1/2-1/2

[Event "Hastings Masters 2011-12"]
[Site "Hastings ENG"]
[Date "2012.01.04"]
[Round "8.40"]
[White "Helbig, Paul D"]
[Black "Luaces Rubio, Alfredo"]
[Result "1-0"]
[WhiteElo "2128"]
[BlackElo "2020"]
[PlyCount "65"]
[EventDate "2011.12.28"]

1. e4 c5 2. Nc3 Nc6 3. g3 g6 4. Bg2 Bg7 5. d3 d6 6. Be3 Nf6 7. h3 e5 8. Qd2 h6
9. Nge2 Rb8 10. a3 Be6 11. O-O Qd7 12. Kh2 Nd4 13. f4 h5 14. fxe5 dxe5 15. Bg5
Nh7 16. Bh6 O-O 17. Bxg7 Kxg7 18. Nxd4 cxd4 19. Nd5 f6 20. c4 dxc3 21. bxc3 Qd6
22. c4 Bxd5 23. exd5 Qc5 24. Qb4 Rfc8 25. Qxc5 Rxc5 26. Rfb1 b6 27. a4 Rbc8 28.
a5 bxa5 29. Rb7+ R8c7 30. Rxc7+ Rxc7 31. d6 Rd7 32. c5 Nf8 33. c6 1-0

[Event "Hastings Masters 2011-12"]
[Site "Hastings ENG"]
[Date "2012.01.04"]
[Round "8.44"]
[White "Rolvag, Mikael"]
[Black "Canonne, Antoine"]
[Result "1/2-1/2"]
[WhiteElo "2201"]
[BlackElo "2023"]
[PlyCount "79"]
[EventDate "2011.12.28"]

1. d4 Nc6 2. Nf3 d5 3. Bf4 Bg4 4. e3 e6 5. Be2 Bd6 6. Bg3 f6 7. Nbd2 Nge7 8. c4
Bxg3 9. hxg3 Qd6 10. a3 a5 11. Qa4 O-O 12. Rc1 h6 13. O-O Bh5 14. Rfd1 Bg6 15.
Nb1 Kh8 16. Nc3 Qd8 17. Ne1 Nb8 18. Nd3 Nd7 19. cxd5 exd5 20. Nf4 Bf7 21. Nb5
Nb6 22. Qc2 c6 23. Nc3 Qe8 24. b3 g5 25. Nd3 Bg6 26. Qb2 Nd7 27. Na4 Nf5 28.
Nac5 Nxc5 29. dxc5 Ng7 30. Ne1 Qe5 31. Rd2 Qxb2 32. Rxb2 Ne6 33. Nf3 Rfe8 34.
Rd2 Re7 35. Nd4 Kg7 36. Nxe6+ Rxe6 37. Rd4 Re4 38. Rcd1 Re7 39. R1d2 b5 40. Kf1
1/2-1/2

[Event "Hastings Masters 2011-12"]
[Site "Hastings ENG"]
[Date "2012.01.04"]
[Round "8.45"]
[White "Martinsen, Stig K"]
[Black "Green, Andrew D"]
[Result "1-0"]
[WhiteElo "2145"]
[BlackElo "2145"]
[PlyCount "29"]
[EventDate "2011.12.28"]

1. d4 c5 2. d5 g6 3. Nf3 Bg7 4. e4 d6 5. h3 Nf6 6. Nc3 O-O 7. a4 Na6 8. Bf4 Nb4
9. Be2 e6 10. dxe6 Bxe6 11. Bxd6 Re8 12. O-O Nxc2 13. Qxc2 Qxd6 14. e5 Bf5 15.
Qxf5 1-0

[Event "Hastings Masters 2011-12"]
[Site "Hastings ENG"]
[Date "2012.01.04"]
[Round "8.46"]
[White "Taylor, Adam C"]
[Black "De Andres Gonalons, Fernando"]
[Result "1/2-1/2"]
[WhiteElo "1772"]
[BlackElo "2091"]
[PlyCount "84"]
[EventDate "2011.12.28"]

1. c4 e6 2. Nc3 d5 3. e3 Nf6 4. Nf3 c5 5. d4 Nc6 6. Be2 dxc4 7. Bxc4 a6 8. a4
Be7 9. O-O O-O 10. Qe2 cxd4 11. Rd1 e5 12. exd4 exd4 13. Ne4 Nxe4 14. Qxe4 Bf6
15. Be3 Re8 16. Qf4 Be6 17. Bf1 Qb6 18. Nxd4 Nxd4 19. Bxd4 Bxd4 20. Qxd4 Qxd4
21. Rxd4 Rac8 22. b4 g6 23. h3 Rc3 24. b5 a5 25. b6 Rec8 26. Bb5 Rb3 27. Rad1
Kg7 28. R1d2 Rb4 29. Kh2 h5 30. Rxb4 axb4 31. a5 Kf6 32. a6 bxa6 33. Bxa6 Rb8
34. b7 Ke5 35. Kg3 Bd5 36. f4+ Ke6 37. Rd4 b3 38. Kf2 Kd6 39. Rb4 Kc7 40. g4
hxg4 41. hxg4 Bxb7 42. Bc4 Bc8 1/2-1/2

[Event "Hastings Masters 2011-12"]
[Site "Hastings ENG"]
[Date "2012.01.04"]
[Round "8.47"]
[White "Flynn, David"]
[Black "Hoare, Amy B"]
[Result "0-1"]
[WhiteElo "1978"]
[BlackElo "1930"]
[PlyCount "76"]
[EventDate "2011.12.28"]

1. e4 e5 2. Nf3 Nc6 3. Bb5 a6 4. Bxc6 dxc6 5. O-O Bd6 6. d4 exd4 7. Qxd4 f6 8.
h3 Be6 9. Nc3 Qd7 10. e5 fxe5 11. Nxe5 Qe7 12. Bf4 Nf6 13. Nd3 O-O 14. Bxd6
cxd6 15. Rfe1 Qd7 16. Rad1 Bf5 17. Qf4 Bxd3 18. Rxd3 d5 19. Qd4 Rae8 20. Rde3
Rxe3 21. Rxe3 Re8 22. Rxe8+ Qxe8 23. Qb6 Qe1+ 24. Kh2 Qe5+ 25. Kg1 d4 26. Na4
Qe1+ 27. Kh2 Qxf2 28. Nc5 Nh5 29. Qxb7 Qg3+ 30. Kg1 Qe1+ 31. Kh2 Qe5+ 32. Kg1
Qxc5 33. Qc8+ Kf7 34. Qd7+ Kf6 35. Qd8+ Kg6 36. Qe8+ Kh6 37. g4 d3+ 38. Kh2
Qf2+ 0-1

[Event "Hastings Masters 2011-12"]
[Site "Hastings ENG"]
[Date "2012.01.04"]
[Round "8.48"]
[White "Wallis, Ian J"]
[Black "O Grady, Gary P"]
[Result "1-0"]
[WhiteElo "2003"]
[BlackElo "1880"]
[PlyCount "111"]
[EventDate "2011.12.28"]

1. e4 c5 2. Nf3 d6 3. d4 cxd4 4. Nxd4 Nf6 5. Nc3 g6 6. Be3 a6 7. Be2 b5 8. Bf3
e5 9. Nb3 Bb7 10. Qd3 Nbd7 11. O-O-O Nc5 12. Bxc5 dxc5 13. Qxd8+ Rxd8 14. Na5
Ba8 15. a4 b4 16. Nd5 Nxd5 17. exd5 Bd6 18. Be2 Bc7 19. Nc6 Bxc6 20. dxc6 a5
21. Rxd8+ Kxd8 22. Rd1+ Kc8 23. Rd7 f5 24. Bc4 f4 25. Be6 Kb8 26. Rd5 e4 27.
Rxc5 Bb6 28. Rc4 e3 29. f3 Re8 30. Re4 Kc7 31. Kd1 Kd6 32. Bd5 Rxe4 33. Bxe4
Ke6 34. Ke2 Kf6 35. g3 fxg3 36. hxg3 h5 37. c4 g5 38. f4 gxf4 39. gxf4 Ke6 40.
f5+ Ke5 41. c5 Bc7 42. Kxe3 h4 43. Kd3 h3 44. Ke3 h2 45. Kd3 Kf6 46. Kd4 Be5+
47. Kc4 Bc7 48. Kb5 Ke5 49. Bg2 Kxf5 50. Ka6 b3 51. Kb7 Be5 52. c7 Bxb2 53.
c8=Q+ Kf4 54. Qf8+ Kg5 55. Qg8+ Kf4 56. Qxb3 1-0

[Event "Hastings Masters 2011-12"]
[Site "Hastings ENG"]
[Date "2012.01.04"]
[Round "8.49"]
[White "Clayton, Tristan"]
[Black "Spanton, Tim R"]
[Result "1/2-1/2"]
[WhiteElo "1812"]
[BlackElo "1978"]
[PlyCount "191"]
[EventDate "2011.12.28"]

1. e4 e5 2. Nf3 Nc6 3. d4 exd4 4. Nxd4 Bc5 5. Nxc6 Qf6 6. Qd2 dxc6 7. Bd3 Be6
8. O-O O-O-O 9. Qf4 Bd4 10. Nc3 Bxc3 11. bxc3 Qxf4 12. Bxf4 Ne7 13. Be3 b6 14.
f4 f6 15. Rab1 a5 16. Rb2 f5 17. Bd4 fxe4 18. Bxe4 Bf5 19. Re1 Bxe4 20. Rxe4
Nf5 21. g4 Nxd4 22. cxd4 Rhe8 23. Rxe8 Rxe8 24. c3 Re3 25. Rc2 Rf3 26. f5 h5
27. gxh5 Rxf5 28. Rg2 Rxh5 29. Rxg7 c5 30. dxc5 Rxc5 31. Rg3 Kd7 32. Kf1 Kc6
33. Ke1 Kb5 34. Kd2 Ka4 35. Kd3 Ka3 36. Rg2 b5 37. h4 Rd5+ 38. Ke4 Rh5 39. Rh2
c5 40. Kd3 a4 41. Ke3 b4 42. cxb4 cxb4 43. Kd3 Rh8 44. h5 b3 45. axb3 axb3 46.
Ke4 b2 47. Rh1 Rxh5 48. Rxh5 b1=Q+ 49. Kf4 Kb4 50. Re5 Qf1+ 51. Kg5 Kc4 52. Rf5
Qg2+ 53. Kf6 Kd4 54. Rf4+ Kd5 55. Rf5+ Kd6 56. Kf7 Qe4 57. Rf6+ Kd7 58. Kg7
Qg4+ 59. Kf7 Qc4+ 60. Kg6 Ke7 61. Kg5 Qg8+ 62. Rg6 Qd5+ 63. Kg4 Qe4+ 64. Kg5
Qg2+ 65. Kf5 Qc2+ 66. Kg5 Kf7 67. Rf6+ Kg7 68. Rf5 Qe4 69. Rf4 Qg6+ 70. Kh4 Kh6
71. Rg4 Qf5 72. Kg3 Kh5 73. Rf4 Qe5 74. Kf3 Qe1 75. Re4 Qd1+ 76. Ke3 Kg5 77.
Rd4 Qc1+ 78. Ke4 Kf6 79. Rd6+ Ke7 80. Rd3 Ke6 81. Rd4 Qc6+ 82. Kd3 Ke5 83. Rc4
Qf3+ 84. Kc2 Kd5 85. Rc3 Qe2+ 86. Kb3 Kd4 87. Rc2 Qb5+ 88. Ka3 Kd3 89. Rb2 Qa6+
90. Kb3 Qa5 91. Rb1 Qb5+ 92. Ka2 Qa4+ 93. Kb2 Qc2+ 94. Ka1 Kc3 95. Rb3+ Kd2 96.
Rb2 1/2-1/2

[Event "Hastings Masters 2011-12"]
[Site "Hastings ENG"]
[Date "2012.01.04"]
[Round "8.51"]
[White "Arias Castanedo, Jacinto"]
[Black "Murchadha, Oissine"]
[Result "0-1"]
[WhiteElo "1941"]
[BlackElo "1846"]
[PlyCount "56"]
[EventDate "2011.12.28"]

1. d4 f5 2. g3 Nf6 3. Bg2 g6 4. Nf3 Bg7 5. O-O O-O 6. c4 d6 7. Nc3 Qe8 8. Qc2
h6 9. d5 Na6 10. a3 Bd7 11. Rd1 c6 12. Nd4 Nc7 13. b3 Rc8 14. dxc6 bxc6 15. Bb2
e5 16. Nf3 e4 17. Ne1 d5 18. e3 g5 19. Na4 Ne6 20. Qd2 Qg6 21. Rac1 f4 22. Bxf6
Qxf6 23. cxd5 cxd5 24. Rxc8 Bxc8 25. Qxd5 Rd8 26. Qa8 Rxd1 27. Qxc8+ Bf8 28.
Kf1 fxe3 0-1

[Event "Hastings Masters 2011-12"]
[Site "Hastings ENG"]
[Date "2012.01.04"]
[Round "8.54"]
[White "Kalairajah, Shyam"]
[Black "Macrae, James S"]
[Result "1/2-1/2"]
[WhiteElo "1830"]
[BlackElo "1740"]
[PlyCount "75"]
[EventDate "2011.12.28"]

1. e4 Nc6 2. Nc3 Nf6 3. d4 e5 4. dxe5 Nxe5 5. f4 Nc6 6. e5 Ng8 7. Bc4 d6 8. Nf3
Be6 9. Bxe6 fxe6 10. Ng5 Qd7 11. f5 Nxe5 12. fxe6 Qc6 13. O-O O-O-O 14. Nd5 Ne7
15. Nxe7+ Bxe7 16. Qe2 Bf6 17. Ne4 Be7 18. Bg5 Bxg5 19. Nxg5 Rde8 20. Nf7 Rhf8
21. Nxe5 Rxf1+ 22. Rxf1 dxe5 23. Qxe5 Qxe6 24. Qxg7 Qxa2 25. Rd1 Qe6 26. h3
Qe3+ 27. Kh1 Qe7 28. Qg4+ Kb8 29. Qd4 b6 30. Qd3 Qe4 31. Kg1 Qxd3 32. Rxd3 Re2
33. Rc3 c5 34. Kf1 Rd2 35. g4 Rd5 36. Ke2 Kc7 37. Rf3 Rd7 38. Ke3 1/2-1/2

[Event "Hastings Masters 2011-12"]
[Site "Hastings ENG"]
[Date "2012.01.05"]
[Round "9.6"]
[White "Sengupta, Deep"]
[Black "Haydon, David L"]
[Result "1-0"]
[WhiteElo "2562"]
[BlackElo "2296"]
[PlyCount "105"]
[EventDate "2011.12.28"]

1. e4 c6 2. d4 d5 3. Nd2 dxe4 4. Nxe4 Bf5 5. Ng3 Bg6 6. h4 h6 7. Nf3 Nd7 8. h5
Bh7 9. Bd3 Bxd3 10. Qxd3 Ngf6 11. Bd2 e6 12. O-O-O Be7 13. Kb1 c5 14. d5 Nxd5
15. Nf5 O-O 16. Nxe7+ Qxe7 17. g4 c4 18. Qxc4 Rac8 19. Qd3 Nc5 20. Qd4 Qf6 21.
Qxf6 Nxf6 22. Ne5 Rfd8 23. Be3 Rd5 24. f4 b5 25. Rd4 Rxd4 26. Bxd4 Nd5 27. g5
hxg5 28. fxg5 f6 29. gxf6 gxf6 30. Ng6 Kh7 31. Bxc5 Rxc5 32. Nf8+ Kh6 33. Nxe6
Rc4 34. b3 Re4 35. Nd8 Re7 36. Nc6 Rh7 37. Nd4 b4 38. Kb2 Nf4 39. a3 bxa3+ 40.
Kxa3 Nxh5 41. Ne6 f5 42. c4 Rh8 43. c5 Rc8 44. Nf4 Kg5 45. Nxh5 Rxc5 46. Ng3
Kg4 47. Ne2 f4 48. Kb4 Re5 49. Rg1+ Kf3 50. Nd4+ Kf2 51. Ra1 Re7 52. Ra2+ Kg3
53. Nf5+ 1-0

[Event "Hastings Masters 2011-12"]
[Site "Hastings ENG"]
[Date "2012.01.05"]
[Round "9.8"]
[White "Howell, David W L"]
[Black "Stewart, Neil"]
[Result "1-0"]
[WhiteElo "2633"]
[BlackElo "2299"]
[PlyCount "53"]
[EventDate "2011.12.28"]

1. d4 d5 2. c4 c6 3. Nc3 dxc4 4. e3 b5 5. a4 b4 6. Ne4 Qd5 7. Nd2 Ba6 8. Ne2
Qa5 9. Qc2 c3 10. bxc3 bxc3 11. Nb3 Qc7 12. Ba3 Nf6 13. e4 e5 14. Bxf8 Kxf8 15.
f3 Nbd7 16. Qxc3 Rc8 17. Rc1 exd4 18. Nexd4 Bxf1 19. Kxf1 c5 20. Nb5 Qb8 21.
Rd1 c4 22. Nd6 Rc6 23. Nxc4 Qf4 24. Qb4+ Kg8 25. Nd4 Rc7 26. Ne2 Qh4 27. Qb8+
1-0

[Event "Hastings Masters 2011-12"]
[Site "Hastings ENG"]
[Date "2012.01.05"]
[Round "9.9"]
[White "Griffiths, Ryan Rhys"]
[Black "Hebden, Mark L"]
[Result "0-1"]
[WhiteElo "2310"]
[BlackElo "2515"]
[PlyCount "58"]
[EventDate "2011.12.28"]

1. e4 e5 2. Nf3 Nc6 3. d4 exd4 4. Nxd4 Nf6 5. Nxc6 bxc6 6. e5 Qe7 7. Qe2 Nd5 8.
c4 Nb6 9. Nc3 Bb7 10. f4 O-O-O 11. Be3 c5 12. O-O-O f6 13. Qf2 fxe5 14. f5 d6
15. Be2 Qf7 16. b3 Be7 17. Rhf1 e4 18. g4 Bf6 19. Kc2 Qe7 20. Rb1 Rhe8 21. a4
d5 22. Nxd5 Nxd5 23. cxd5 Rxd5 24. Rfd1 Qe5 25. Rxd5 Qc3+ 26. Kd1 Bxd5 27. Bd2
e3 28. Bxc3 exf2 29. Bxf6 Bf3 0-1

[Event "Hastings Masters 2011-12"]
[Site "Hastings ENG"]
[Date "2012.01.05"]
[Round "9.10"]
[White "Williams, Simon K"]
[Black "Longson, Alexander"]
[Result "1-0"]
[WhiteElo "2513"]
[BlackElo "2281"]
[PlyCount "99"]
[EventDate "2011.12.28"]

1. f4 d5 2. e3 Nf6 3. Nf3 Bg4 4. Be2 Nbd7 5. d4 e6 6. O-O Be7 7. c4 c6 8. Nc3
O-O 9. Bd2 c5 10. cxd5 exd5 11. Ne5 Bxe2 12. Qxe2 cxd4 13. exd4 Bb4 14. Nd1 Qb6
15. Be3 Rac8 16. a3 Bd6 17. Nc3 Qb3 18. Rf3 Nb6 19. Bf2 Ne8 20. Re1 f6 21. Ng4
Qc4 22. Qe6+ Rf7 23. Ne5 Bxe5 24. fxe5 Qc6 25. Qh3 Nc7 26. exf6 Rxf6 27. Re7
Rcf8 28. Qg3 Ne8 29. Rxf6 Qxf6 30. Rxb7 a5 31. h4 Qc6 32. Ra7 a4 33. Be3 Rf7
34. Ra5 Nf6 35. Rc5 Qe6 36. Bg5 Ng4 37. Bd2 h5 38. Qe1 Qd6 39. g3 Qf6 40. Nb5
Nc4 41. Bf4 Qg6 42. Qe8+ Kh7 43. Nc3 Nf6 44. Qe2 Rb7 45. Nxd5 Nxd5 46. Rxd5
Qb1+ 47. Qf1 Qc2 48. Rxh5+ Kg6 49. Rg5+ Kh7 50. Rd5 1-0

[Event "Hastings Masters 2011-12"]
[Site "Horntye Park Sports Complex"]
[Date "2012.01.05"]
[Round "9.13"]
[White "Olsarova, Karolina"]
[Black "Demuth, Adrien"]
[Result "1/2-1/2"]
[WhiteElo "2167"]
[BlackElo "2442"]
[PlyCount "94"]
[EventDate "2011.12.28"]

1. e4 e5 2. Nf3 Nc6 3. Bb5 a6 4. Ba4 Nge7 5. c3 g6 6. O-O Bg7 7. d4 exd4 8.
cxd4 b5 9. Bb3 O-O 10. Nc3 Na5 11. Bc2 d6 12. h3 Bb7 13. Re1 Qd7 14. d5 c6 15.
dxc6 Bxc6 16. Rb1 Nc4 17. Bb3 d5 18. exd5 Nxd5 19. Bxc4 Nxc3 20. Qxd7 Bxd7 21.
bxc3 bxc4 22. Ba3 Rfc8 23. Nd4 Bxd4 24. cxd4 Bf5 25. Rbc1 Be6 26. Bc5 Rab8 27.
Rb1 Bf5 28. Rxb8 Rxb8 29. Rc1 Be6 30. Ba3 Rb5 31. Rc2 Kg7 32. f3 Kf6 33. Kf2 h5
34. h4 Rb1 35. Bc1 Ke7 36. Bf4 Kd7 37. Ke3 Kc6 38. Kd2 Kd5 39. Kc3 Rh1 40. Bg5
Rd1 41. Rd2 Rc1+ 42. Kb2 Re1 43. Kc3 Rc1+ 44. Kb2 Re1 45. Kc3 Bf5 46. Rb2 Rd1
47. Bd2 Rb1 1/2-1/2

[Event "Hastings Masters 2011-12"]
[Site "Horntye Park Sports Complex"]
[Date "2012.01.05"]
[Round "9.14"]
[White "Pon, NKrithika"]
[Black "Anwesh, Upadhyaya"]
[Result "0-1"]
[WhiteElo "2091"]
[BlackElo "2413"]
[PlyCount "64"]
[EventDate "2011.12.28"]

1. e4 e5 2. Nf3 Nc6 3. Bb5 a6 4. Ba4 Nf6 5. O-O b5 6. Bb3 Be7 7. Re1 O-O 8. c3
d5 9. exd5 Nxd5 10. Nxe5 Nxe5 11. Rxe5 c6 12. d4 Bd6 13. Re1 Qh4 14. g3 Qh3 15.
Re4 g5 16. Qf3 Bf5 17. Nd2 Rae8 18. Bxd5 cxd5 19. Re3 Rxe3 20. Qxe3 f6 21. Nf1
h5 22. f3 h4 23. g4 Bd7 24. Qf2 Re8 25. Ne3 Bf4 26. Nf1 Bxg4 27. Bxf4 Bxf3 28.
Bg3 g4 29. Be5 fxe5 30. Re1 e4 31. Qd2 Kh7 32. Ne3 g3 0-1

[Event "Hastings Masters 2011-12"]
[Site "Horntye Park Sports Complex"]
[Date "2012.01.05"]
[Round "9.15"]
[White "Roy Chowdhury, Saptarshi"]
[Black "Maciol, Ryszard"]
[Result "1-0"]
[WhiteElo "2411"]
[BlackElo "2185"]
[PlyCount "71"]
[EventDate "2011.12.28"]

1. c4 Nf6 2. Nc3 c5 3. g3 Nc6 4. Bg2 g6 5. Nf3 Bg7 6. O-O O-O 7. d3 d6 8. a3
Bd7 9. Rb1 Qc8 10. Re1 Ne8 11. Bd2 Nd4 12. b4 cxb4 13. axb4 Nxf3+ 14. Bxf3 Nc7
15. b5 Ne6 16. Bg2 h6 17. Nd5 Re8 18. Qc1 Kh7 19. Bc3 Nc7 20. Bxg7 Kxg7 21. Ne3
Rb8 22. b6 axb6 23. Qb2+ f6 24. Qxb6 Na8 25. Qd4 Bc6 26. Nd5 Nc7 27. h4 h5 28.
Kh2 Ne6 29. Qb6 Nf8 30. Nxe7 Rxe7 31. Bxc6 Nd7 32. Bxd7 Qxd7 33. Qd4 Qf5 34.
Rb5 Re5 35. Reb1 Qd7 36. c5 1-0

[Event "Hastings Masters 2011-12"]
[Site "Horntye Park Sports Complex"]
[Date "2012.01.05"]
[Round "9.16"]
[White "Furman, Boris"]
[Black "Padmini, Rout"]
[Result "0-1"]
[WhiteElo "2280"]
[BlackElo "2392"]
[PlyCount "74"]
[EventDate "2011.12.28"]

1. d4 Nf6 2. c4 g6 3. Nc3 d5 4. Bg5 Ne4 5. Bh4 Nxc3 6. bxc3 dxc4 7. Qa4+ Nd7 8.
Qxc4 Bg7 9. Nf3 O-O 10. e3 b6 11. Be2 Bb7 12. O-O Nf6 13. Nd2 c5 14. Bf3 Bd5
15. Bxd5 Nxd5 16. Rac1 Rc8 17. Qb3 cxd4 18. cxd4 Qd7 19. Bg3 Nf6 20. Be5 Rxc1
21. Rxc1 Rc8 22. Rc4 Ne8 23. Bxg7 Kxg7 24. d5 Rxc4 25. Qxc4 Nc7 26. e4 e6 27.
Qc3+ f6 28. dxe6 Nxe6 29. g3 Qd4 30. Qa3 Ng5 31. Qxa7+ Kh6 32. h4 Nh3+ 33. Kg2
Nxf2 34. Nf3 Qb2 35. e5 Ng4+ 36. Kh3 Nf2+ 37. Kg2 Ne4+ 0-1

[Event "Hastings Masters 2011-12"]
[Site "Hastings ENG"]
[Date "2012.01.05"]
[Round "9.18"]
[White "Rendle, Thomas E"]
[Black "Godard, Maxence"]
[Result "1/2-1/2"]
[WhiteElo "2389"]
[BlackElo "2333"]
[PlyCount "23"]
[EventDate "2011.12.28"]

1. e4 c6 2. Nf3 d5 3. Nc3 Bg4 4. h3 Bh5 5. exd5 cxd5 6. g4 Bg6 7. Ne5 Nc6 8. d4
f6 9. Nxg6 hxg6 10. Bg2 e6 11. O-O Qd7 12. Ne2 1/2-1/2

[Event "Hastings Masters 2011-12"]
[Site "Hastings ENG"]
[Date "2012.01.05"]
[Round "9.19"]
[White "Houska, Jovanka"]
[Black "Britton, Richard L"]
[Result "1/2-1/2"]
[WhiteElo "2415"]
[BlackElo "2219"]
[PlyCount "72"]
[EventDate "2011.12.28"]

1. d4 Nf6 2. Nf3 g6 3. c4 Bg7 4. g3 O-O 5. Bg2 d6 6. O-O Nc6 7. Nc3 e5 8. dxe5
dxe5 9. Bg5 Be6 10. Nd5 Bxd5 11. Bxf6 Qxf6 12. cxd5 Nd4 13. Nxd4 exd4 14. Rc1
Qb6 15. Qd2 f5 16. Rc4 Rf7 17. Rfc1 Rd8 18. Rb4 Qa6 19. a3 Re7 20. Bf3 Rb8 21.
Rc6 b6 22. Rbc4 Be5 23. h4 Rf8 24. h5 gxh5 25. Qg5+ Rg7 26. Qxh5 Qb5 27. Rb4
Qa5 28. Qh6 Bd6 29. Qe6+ Kh8 30. Rxd6 cxd6 31. Qxd6 Qc5 32. Qe5 f4 33. g4 Kg8
34. Rxd4 Re7 35. Qg5+ Rg7 36. Qe5 Re7 1/2-1/2

[Event "Hastings Masters 2011-12"]
[Site "Horntye Park Sports Complex"]
[Date "2012.01.05"]
[Round "9.20"]
[White "MacQueen, Calum"]
[Black "Eggleston, David J"]
[Result "1-0"]
[WhiteElo "2219"]
[BlackElo "2367"]
[PlyCount "115"]
[EventDate "2011.12.28"]

1. d4 Nf6 2. c4 e6 3. g3 Bb4+ 4. Bd2 Qe7 5. Bg2 Nc6 6. Nf3 Bxd2+ 7. Nbxd2 d6 8.
O-O a5 9. e4 e5 10. d5 Nb8 11. Ne1 O-O 12. Nd3 Nbd7 13. f4 Nc5 14. Nxc5 dxc5
15. Qf3 Bd7 16. Rae1 Rae8 17. Qc3 b5 18. Qxa5 exf4 19. gxf4 Ra8 20. Qxc7 Rfc8
21. Qe5 Qxe5 22. fxe5 Ng4 23. Bh3 Nxe5 24. Bxd7 Nxd7 25. cxb5 c4 26. Rc1 Nb6
27. a3 Ra5 28. Rc2 Rxb5 29. Rfc1 Rbc5 30. b3 f5 31. exf5 c3 32. Ne4 Rxd5 33.
Rxc3 Re8 34. Ng3 h5 35. Nxh5 Rxf5 36. Ng3 Ra5 37. a4 Nxa4 38. bxa4 Rxa4 39. Rc8
Rxc8 40. Rxc8+ Kh7 41. Re8 Kg6 42. Kg2 Rb4 43. Re4 Rb2+ 44. Ne2 Ra2 45. Kg3 Ra8
46. Kg4 Ra5 47. h4 Ra1 48. Nf4+ Kh7 49. Nh3 Kg6 50. Re6+ Kf7 51. Ng5+ Kf8 52.
Rb6 Ra8 53. Kh5 Kg8 54. Kg6 Rf8 55. Rd6 Kh8 56. Rd8 Rxd8 57. Nf7+ Kg8 58. Nxd8
1-0

[Event "Hastings Masters 2011-12"]
[Site "Hastings ENG"]
[Date "2012.01.05"]
[Round "9.21"]
[White "Lock, Gavin R"]
[Black "Knott, Simon J B"]
[Result "0-1"]
[WhiteElo "2157"]
[BlackElo "2332"]
[PlyCount "74"]
[EventDate "2011.12.28"]

1. d4 Nf6 2. Nf3 g6 3. c4 Bg7 4. Nc3 d5 5. cxd5 Nxd5 6. e4 Nxc3 7. bxc3 c5 8.
Be3 Qa5 9. Qd2 Nc6 10. Rc1 cxd4 11. cxd4 Qxd2+ 12. Kxd2 O-O 13. d5 Rd8 14. Ke1
Na5 15. Bg5 Bd7 16. Bd3 f5 17. Bxe7 Re8 18. d6 fxe4 19. Bxe4 Bc6 20. Bxc6 Nxc6
21. Kd1 Nxe7 22. dxe7 Rxe7 23. Re1 Rd8+ 24. Kc2 Rc7+ 25. Kb1 Rcd7 26. Rc4 Rd6
27. Re7 Rb6+ 28. Kc1 Bb2+ 29. Kc2 Bf6 30. Rec7 Rb2+ 31. Kc1 Rxf2 32. Rxb7 Rxg2
33. Rc2 Rg4 34. Rcc7 Rf4 35. Rb3 a5 36. Ra7 a4 37. Ra3 Rc4+ 0-1